[Event "Let's Play Chess!"]
[Site "http://www.queenalice.com/game.php?id=558303"]
[Date "2009.3.19"]
[Round "-"]
[White "ParanoidPenguin"]
[Black "alterego"]
[Result "0-1"]
[WhiteElo "1361"]
[BlackElo "1771"]

1. e4 c5 2. Nf3 Nc6 3. Bb5 Qc7 4. d4 Qa5+ 5. Nc3 Nf6 6. Bd2 Qb6 7. Nd5 Nxd5 8.
Bc4 Nxd4 9. Bxd5 e6 10. Bc4 Qxb2 11. Qb1 Nxc2+ 12. Kd1 Qxb1+ 13. Rxb1 Na3 14.
Rc1 b5 15. Bd3 c4 16. Bc2 b4 17. Bg5 Bc5 18. Rf1 O-O 19. Ne5 f6 20. Be3 Bd6 21.
Nf3 Ba6 22. h3 c3 23. Ba4 Bxf1 24. Bxd7 Bc4 25. Nd4 Kf7 26. Ke1 Rfd8 27. Bc6
Rab8 28. Nb5 Be5 29. Bxa7 Bf4 30. Bxb8 Bxc1 0-1

[Event "Let's Play Chess!"]
[Site "http://www.queenalice.com/game.php?id=558304"]
[Date "2009.3.19"]
[Round "-"]
[White "CharlieBrown"]
[Black "ParanoidPenguin"]
[Result "0-1"]
[WhiteElo "826"]
[BlackElo "1447"]

1. e3 e5 2. Nf3 Nc6 3. Bd3 d5 4. Ke2 Nf6 5. Re1 e4 6. Ng5 exd3+ 7. Kxd3 Bf5+ 8.
Ke2 Nb4 9. a3 Nxc2 10. Qxc2 Bxc2 11. Nc3 Qd6 12. a4 Qxh2 13. Nb5 Qxg2 14. d3 Ng4
15. Ra3 Qxf2# 0-1

[Event "Let's Play Chess!"]
[Site "http://www.queenalice.com/game.php?id=558305"]
[Date "2009.3.19"]
[Round "-"]
[White "ParanoidPenguin"]
[Black "dladuke7"]
[Result "0-1"]
[WhiteElo "1344"]
[BlackElo "1691"]

1. e4 e5 2. Nf3 Nc6 3. Bc4 d6 4. d3 Bg4 5. h3 Bxf3 6. Qxf3 Nf6 7. Bg5 Nd4 8. Qd1
Be7 9. c3 Ne6 10. Bxf6 Bxf6 11. O-O Nc5 12. d4 Nxe4 13. Qh5 g6 14. Qh6 Ng5 15.
Nd2 Qe7 16. f3 Qf8 17. Qxf8+ Rxf8 18. Ne4 Be7 19. Nxg5 Bxg5 20. dxe5 dxe5 21.
Rad1 Rd8 22. Rd5 Rxd5 23. Bxd5 c6 24. Bc4 b5 25. Bb3 a5 26. g3 Be3+ 27. Kh1 Ke7
28. Re1 Bf2 29. Rd1 Bxg3 30. Bc2 f5 31. Kg2 f4 32. Be4 Rd8 33. Rg1 Rd2+ 0-1

[Event "AUTO-INT-1245"]
[Site "http://www.queenalice.com/game.php?id=558768"]
[Date "2009.3.20"]
[Round "1"]
[White "ParanoidPenguin"]
[Black "Iron_Flower"]
[Result "0-1"]
[WhiteElo "1319"]
[BlackElo "1550"]

1. e4 d5 2. exd5 Qxd5 3. Nc3 Qa5 4. Bc4 Nf6 5. Nf3 Bg4 6. O-O e6 7. d3 c6 8. Bf4
Nbd7 9. h3 Bh5 10. g4 Bg6 11. Re1 Bb4 12. Bd2 Bxc3 13. Bxc3 Qc7 14. Ne5 Nxe5 15.
Bxe5 Qe7 16. Bxf6 Qxf6 17. Qd2 O-O 18. Re2 Rad8 19. Rae1 b5 20. Bb3 Qxb2 21. Qg5
a5 22. c3 Qxc3 0-1

[Event "AUTO-INT-1245"]
[Site "http://www.queenalice.com/game.php?id=558769"]
[Date "2009.3.20"]
[Round "1"]
[White "Iron_Flower"]
[Black "ParanoidPenguin"]
[Result "1-0"]
[WhiteElo "1543"]
[BlackElo "1326"]

1. d4 d5 2. c4 dxc4 3. Nc3 Nc6 4. e4 Nxd4 5. Bxc4 Nf6 6. Be3 c5 7. Nge2 Qa5 8.
O-O Nxe2+ 9. Qxe2 Bg4 10. Qc2 e6 11. h3 Bh5 12. Bb5+ Nd7 13. Bxd7+ Kxd7 14.
Rad1+ Kc8 15. Rd2 c4 16. g4 Bg6 17. Rfd1 Bb4 18. a3 Bxc3 19. Qxc3 Qxc3 20. bxc3
Bxe4 21. Rd4 Bf3 22. Rxc4+ Kb8 23. Rd7 a5 24. Rxf7 1-0

[Event "Let's Play Chess!"]
[Site "http://www.queenalice.com/game.php?id=559293"]
[Date "2009.3.21"]
[Round "-"]
[White "Torfi"]
[Black "ParanoidPenguin"]
[Result "1-0"]
[WhiteElo "1762"]
[BlackElo "1423"]

1. e4 e5 2. Nf3 Nc6 3. Bb5 Nf6 4. O-O Bc5 5. Nxe5 Nxe5 6. d4 Bxd4 7. Qxd4 Nc6 8.
Qd1 O-O 9. Bd3 d6 10. b3 Ng4 11. Bb2 Qh4 12. h3 Nf6 13. Qf3 Nd4 14. Bxd4 1-0

[Event "Let's Play Chess!"]
[Site "http://www.queenalice.com/game.php?id=559294"]
[Date "2009.3.21"]
[Round "-"]
[White "ParanoidPenguin"]
[Black "spawnwolfwolverine"]
[Result "0-1"]
[WhiteElo "1338"]
[BlackElo "1687"]

1. e4 e5 2. Nf3 d6 3. Bc4 Bg4 4. h3 Bxf3 5. Qxf3 Qe7 6. Nc3 Nf6 7. d3 g6 8. Bg5
Bg7 9. O-O O-O 10. Nd5 Qd8 11. Bxf6 Bxf6 12. Nxf6+ Kg7 13. Ng4 c6 14. Qe3 b5 15.
Bb3 a5 16. d4 a4 17. Qh6+ Kh8 18. dxe5 dxe5 19. Rad1 Qe7 20. Rd2 axb3 21. cxb3
Nd7 22. Rfd1 Nc5 23. b4 Nxe4 24. Rd7 Qxb4 0-1

[Event "Let's Play Chess!"]
[Site "http://www.queenalice.com/game.php?id=559295"]
[Date "2009.3.21"]
[Round "-"]
[White "spawnwolfwolverine"]
[Black "ParanoidPenguin"]
[Result "1-0"]
[WhiteElo "1685"]
[BlackElo "1340"]

1. c4 e5 2. d3 d5 3. cxd5 Qxd5 4. e4 Bb4+ 5. Bd2 Qd4 6. Qa4+ Nc6 7. Nc3 Be7 8.
Qxd4 Nxd4 9. Nf3 Nc2+ 10. Ke2 Nxa1 11. Nxe5 Nc2 12. a3 Nd4+ 13. Ke3 Nc6 14. Nxc6
bxc6 15. h3 Be6 16. b4 O-O-O 17. f4 Nf6 18. g4 c5 19. bxc5 Rd7 20. Be2 Rhd8 21.
e5 Nd5+ 22. Ke4 Nxc3+ 23. Bxc3 Bd5+ 24. Ke3 1-0

[Event "Let's Play Chess!"]
[Site "http://www.queenalice.com/game.php?id=559296"]
[Date "2009.3.21"]
[Round "-"]
[White "ParanoidPenguin"]
[Black "Givanildo"]
[Result "0-1"]
[WhiteElo "1357"]
[BlackElo "1420"]

1. e4 c5 2. Nf3 Nf6 3. Bb5 a6 4. Bc4 e6 5. Nc3 b5 6. Bf1 b4 7. Ne2 Nxe4 8. c3 a5
9. cxb4 axb4 10. d3 Nd6 11. Nf4 g5 12. Nh5 h6 13. g3 Nc6 14. Be2 g4 15. Nd2 Rg8
16. b3 Nd4 17. Bxg4 f5 18. Bf3 Ra7 19. Bb2 N4b5 20. O-O Qg5 21. h4 Qxh4 22. Nf6+
Kf7 23. Nxg8 Qg5 24. Be5 Qxg8 25. Nc4 Nxc4 26. dxc4 Bb7 27. Qxd7+ Be7 28. Bxb7
Na3 29. Rad1 f4 30. Bd6 Qf8 31. Rfe1 fxg3 32. Bb8 gxf2+ 33. Kxf2 Kg8+ 34. Bf3
Bh4+ 35. Kf1 Qxf3+ 36. Kg1 Qf2+ 37. Kh1 Rxd7 38. Rf1 Rxd1 39. Rxd1 Qf3+ 40. Kg1
Qxd1+ 0-1

[Event "Let's Play Chess!"]
[Site "http://www.queenalice.com/game.php?id=559297"]
[Date "2009.3.21"]
[Round "-"]
[White "Givanildo"]
[Black "ParanoidPenguin"]
[Result "1-0"]
[WhiteElo "1366"]
[BlackElo "1420"]

1. e3 e5 2. Qh5 g6 3. Qxe5+ Be7 4. b3 d6 5. Qxh8 Bf6 6. Qxg8+ Ke7 7. Qxh7 Bxa1
8. Bc4 Qf8 9. Nf3 Be6 10. Bxe6 Kxe6 11. Ng5+ Ke7 12. Qh4 Bf6 13. Qe4+ Kd8 14.
Nh7 Qg7 15. Nxf6 1-0

[Event "Let's Play Chess!"]
[Site "http://www.queenalice.com/game.php?id=559552"]
[Date "2009.3.21"]
[Round "-"]
[White "ParanoidPenguin"]
[Black "El_Pagano1313"]
[Result "0-1"]
[WhiteElo "1447"]
[BlackElo "1440"]

1. e4 e5 2. Nf3 Nc6 3. Bc4 Nf6 4. c3 Nxe4 5. d4 exd4 6. cxd4 d5 7. Qd3 Bb4+ 8.
Nc3 Nxc3 9. bxc3 Qe7+ 10. Ne5 Nxe5 11. Qf5 Bxf5 0-1

[Event "Let's Play Chess!"]
[Site "http://www.queenalice.com/game.php?id=559553"]
[Date "2009.3.21"]
[Round "-"]
[White "spawnwolfwolverine"]
[Black "ParanoidPenguin"]
[Result "1-0"]
[WhiteElo "1659"]
[BlackElo "1361"]

1. c4 e5 2. d3 d5 3. cxd5 Qxd5 4. Nc3 Bb4 5. Bd2 Qd4 6. e3 Qg4 7. f3 Qd7 8. Be2
Nf6 9. Nh3 O-O 10. O-O Nc6 11. e4 Nd4 12. a3 Nxe2+ 13. Qxe2 Rd8 14. axb4 b6 15.
b3 Qxd3 16. Qxd3 Rxd3 17. Rfd1 Ba6 18. Rxa6 1-0

[Event "Let's Play Chess!"]
[Site "http://www.queenalice.com/game.php?id=559554"]
[Date "2009.3.21"]
[Round "-"]
[White "ParanoidPenguin"]
[Black "spawnwolfwolverine"]
[Result "0-1"]
[WhiteElo "1336"]
[BlackElo "1689"]

1. e4 e5 2. Nf3 d6 3. Bc4 Bg4 4. O-O Nf6 5. h3 Bxf3 6. Qxf3 Be7 7. Nc3 O-O 8. d3
c6 9. Qg3 g6 10. Bh6 Re8 11. Rae1 Bf8 12. Bxf8 Rxf8 13. Qe3 b5 14. Bb3 a5 15. a3
a4 16. Ba2 Nbd7 17. d4 exd4 18. Qf4 d5 19. Ne2 dxe4 20. Nxd4 Nc5 21. Nxc6 Nh5
22. Qe3 Qd6 23. Nb4 Kg7 24. Rd1 Qc7 0-1

[Event "Let's Play Chess!"]
[Site "http://www.queenalice.com/game.php?id=559555"]
[Date "2009.3.21"]
[Round "-"]
[White "spawnwolfwolverine"]
[Black "ParanoidPenguin"]
[Result "1-0"]
[WhiteElo "1683"]
[BlackElo "1342"]

1. c4 e5 2. d3 Nc6 3. e4 Bb4+ 4. Bd2 Qg5 5. Bxb4 Nxb4 6. Nc3 Nf6 7. Nf3 Qf4 8.
Be2 O-O 9. O-O d6 10. Nd5 Nfxd5 11. cxd5 Bg4 12. g3 Nxd3 13. Bxd3 Bxf3 14. Qe1
Qh6 15. h4 c6 16. Qe3 Bg4 17. Qxh6 gxh6 18. f3 Bh3 19. Rf2 cxd5 20. exd5 Rac8
21. Be4 Rfe8 22. b3 Rc3 23. Kh2 1-0